Moses and the exodus. (Record no. 3739)

000 -LEADER
fixed length control field 00612nam a2200193 a 4500
001 - CONTROL NUMBER
control field :::00001471$&:&@@
003 - CONTROL NUMBER IDENTIFIER
control field OkBaRHE
005 - DATE AND TIME OF LATEST TRANSACTION
control field 20000607103244.0
008 - FIXED-LENGTH DATA ELEMENTS--GENERAL INFORMATION
fixed length control field s1922 j 000 0 eng u
040 ## - CATALOGING SOURCE
Transcribing agency
100 1# - MAIN ENTRY--PERSONAL NAME
Personal name Smyth, J. Paterson, (John Paterson), d1932.
245 10 - TITLE STATEMENT
Title Moses and the exodus.
260 ## - PUBLICATION, DISTRIBUTION, ETC. (IMPRINT)
Place of publication, distribution, etc New York, NY., :
Name of publisher, distributor, etc George H. Doran Co.
Date of publication, distribution, etc c1922
300 ## - PHYSICAL DESCRIPTION
Extent 201 p. ;
Dimensions 19 cm.
490 0# - SERIES STATEMENT
Series statement The Bible for school and home.
650 ## - SUBJECT ADDED ENTRY--TOPICAL TERM
Topical term or geographic name as entry element Moses, the Patriarch
942 ## - ADDED ENTRY ELEMENTS (KOHA)
Source of classification or shelving scheme
Koha item type Books
Copies
Shelving location Copy number Lost status Price effective from Date acquired Full call number Koha item type Source of classification or shelving scheme Not for loan Withdrawn status Date last seen Barcode Damaged status Permanent Location
General Stacks1 2010-04-142010-04-14BS 580 .M6S622Books   2010-04-141471 RHEMA Bible Training College